Causes occasionnelles et permanentes de guerre / (Registro nro. 187510)
[ vista simple ]
| 000 -LEADER | |
|---|---|
| campo de control de longitud fija | 00642nam a2200193 i 4500 |
| 001 - NÚMERO DE CONTROL | |
| campo de control | 187510 |
| 003 - IDENTIFICADOR DE NÚMERO DE CONTROL | |
| campo de control | ES-MaACL |
| 005 - FECHA Y HORA DE LA ÚLTIMA TRANSACCIÓN | |
| campo de control | 20230906222939.0 |
| 008 - DATOS DE LONGITUD FIJA--INFORMACIÓN GENERAL | |
| campo de control de longitud fija | 171020s1921 fr |||| | fre d |
| 100 0# - ENTRADA PRINCIPAL--NOMBRE DE PERSONA | |
| Nombre de persona | Rappoport, Charles. |
| 9 (RLIN) | 95471 |
| 245 10 - MENCIÓN DEL TÍTULO | |
| Título | Causes occasionnelles et permanentes de guerre / |
| Mención de responsabilidad, etc. | par Charles Rappoport. |
| 260 ## - PUBLICACIÓN, DISTRIBUCIÓN, ETC. | |
| Lugar de publicación, distribución, etc. | Paris : |
| Nombre del editor, distribuidor, etc. | Clarté, |
| Fecha de publicación, distribución, etc. | 1921. |
| 300 ## - DESCRIPCIÓN FÍSICA | |
| Extensión | 40 p. ; |
| Dimensiones | 18 cm. |
| 490 1# - MENCIÓN DE SERIE | |
| Mención de serie | Conférences Clarté ; |
| Designación de volumen o secuencia | Cahier nº 10 |
| 650 04 - PUNTO DE ACCESO ADICIONAL DE MATERIA--TÉRMINO DE MATERIA | |
| Término de materia o nombre geográfico como elemento de entrada | Guerra mundial, 1914-1918- |
| Subdivisión general | Causas y antecedentes. |
| 9 (RLIN) | 13216 |
| 830 0# - PUNTO DE ACCESO ADICIONAL DE SERIE-TÍTULO UNIFORME | |
| Título uniforme | Conférences Clarté ; |
| Designación de volumen o secuencia | Cahier nº 10 |
| 9 (RLIN) | 182101 |
| 852 ## - LOCALIZACIÓN | |
| Ubicación | ES-MaACL |
| Número de control de estantería | F-2710(5) |
| Estatus retirado | Estado de pérdida | Estado de daño | No para préstamo | Biblioteca de origen | Biblioteca actual | Ubicación en estantería | Fecha de adquisición | Fuente de adquisición | Total de préstamos | Signatura topográfica completa | Código de barras | Visto por última vez | Precio de reemplazo | Tipo de ítem Koha |
|---|---|---|---|---|---|---|---|---|---|---|---|---|---|---|
| Biblioteca del Ateneo de Madrid | Biblioteca del Ateneo de Madrid | Depósito 2 | 20/10/2017 | F-2710(5) | 1198033 | 23/02/2023 | 23/02/2023 | Libro impreso |
